[Event "Ruhrgebiet VK3 0405"]
[Site "Ruhrgebiet"]
[Date "2004.10.10"]
[Round "2.6"]
[White "Krichel, Norbert"]
[Black "Lindenmaier, Reinhard"]
[Result "0-1"]
[WhiteElo "1628"]
[BlackElo "2046"]
[PlyCount "70"]
[EventDate "2004.09.12"]
[EventType "team"]
[EventRounds "9"]
[EventCountry "GER"]
[SourceTitle "EXT 2006"]
[Source "ChessBase"]
[SourceDate "2005.11.24"]
[SourceVersion "1"]
[SourceVersionDate "2005.11.24"]
[SourceQuality "1"]
[WhiteTeam "Ahlen II"]
[BlackTeam "Wacker Bergeborbeck"]
[WhiteTeamCountry "GER"]
[BlackTeamCountry "GER"]

1. d4 Nf6 2. c4 c5 3. d5 b5 4. f3 bxc4 5. e4 d6 6. Bxc4 g6 7. Ne2 Bg7 8. Nbc3 0-0 9. 0-0 Ba6 10. Bxa6 Nxa6 11. Be3 Rb8 12. Rb1 Qc7 13. Na4 Rb7 14. a3 Rfb8 15. Qc2 Rb3 16. Bd2 Qd7 17. Qc4 Nc7 18. Rbc1 Qb5 19. Qxb5 Nxb5 20. Rc2 Nd7 21. f4 Nd4 22. Nxd4 Bxd4+ 23. Kh1 Bxb2 24. Nxb2 Rxb2 25. Rxb2 Rxb2 26. Ba5 f6 27. Bd8 Kf7 28. g4 Ke8 29. Bc7 Re2 30. e5 dxe5 31. fxe5 Nxe5 32. h3 Kd7 33. Bb8 c4 34. Bxa7 c3 35. Bd4 c2 0-1

[Event "Ruhrgebiet VK3 0405"]
[Site "Ruhrgebiet"]
[Date "2004.09.12"]
[Round "1.6"]
[White "Lindenmaier, Reinhard"]
[Black "Zelt, Jens"]
[Result "1/2-1/2"]
[WhiteElo "2046"]
[BlackElo "2004"]
[PlyCount "106"]
[EventDate "2004.09.12"]
[EventType "team"]
[EventRounds "9"]
[EventCountry "GER"]
[SourceTitle "EXT 2006"]
[Source "ChessBase"]
[SourceDate "2005.11.24"]
[SourceVersion "1"]
[SourceVersionDate "2005.11.24"]
[SourceQuality "1"]
[WhiteTeam "Wacker Bergeborbeck"]
[BlackTeam "Dortmund Hansa III"]
[WhiteTeamCountry "GER"]
[BlackTeamCountry "GER"]

1. d4 f5 2. e4 e6 3. Bd3 fxe4 4. Bxe4 Nf6 5. Bg5 c6 6. Nc3 d5 7. Bf3 Bd6 8. Nge2 0-0 9. Qd2 e5 10. dxe5 Bxe5 11. 0-0-0 Qa5 12. Kb1 Qc7 13. h4 Nbd7 14. Nf4 Nc5 15. Nd3 Bxc3 16. Qxc3 Nfe4 17. Qd4 Nxd3 18. Rxd3 Nxg5 19. hxg5 Rf4 20. Qe3 Bf5 21. Rd4 Rxd4 22. Qxd4 Qe7 23. Qh4 Re8 24. Bd1 Qe4 25. Qxe4 Bxe4 26. f3 Bg6 27. Kc1 b6 28. Kd2 Kf7 29. Rh3 Ke6 30. f4 Kf5 31. g3 d4 32. c3 dxc3+ 33. Kxc3 Rd8 34. Bf3 Re8 35. Kd2 c5 36. Rh2 b5 37. Re2 b4 38. Rxe8 Bxe8 39. a3 a5 40. Ke3 g6 41. g4+ Ke6 42. Be4 Kd6 43. axb4 axb4 44. f5 gxf5 45. gxf5 Ke5 46. f6 h6 47. f7 Bxf7 48. gxh6 Kf6 49. Bc2 c4 50. h7 Kg7 51. Kd4 c3 52. b3 Bxb3 53. Bxb3 Kh8 1/2-1/2

[Event "Ruhrgebiet VL2 0304"]
[Site "Ruhrgebiet"]
[Date "2003.10.19"]
[Round "2.8"]
[White "Balke, Reiner"]
[Black "Lindenmaier, Reinhard"]
[Result "1/2-1/2"]
[WhiteElo "1857"]
[BlackElo "2025"]
[PlyCount "47"]
[EventDate "2003.09.28"]
[EventType "team"]
[EventRounds "9"]
[EventCountry "GER"]
[SourceTitle "EXT 2007"]
[Source "ChessBase"]
[SourceDate "2006.11.23"]
[SourceVersion "1"]
[SourceVersionDate "2006.11.23"]
[SourceQuality "1"]
[WhiteTeam "Castrop Rauxel II"]
[BlackTeam "Wacker Bergeborbeck"]
[WhiteTeamCountry "GER"]
[BlackTeamCountry "GER"]

1. e4 Nf6 2. Nc3 d5 3. exd5 Nxd5 4. Qf3 c6 5. Bc4 e6 6. Nge2 Nd7 7. a3 Ne5 8. Qe4 Nxc4 9. Qxc4 Be7 10. 0-0 0-0 11. d4 Nxc3 12. Nxc3 Bf6 13. Be3 e5 14. Rad1 exd4 15. Bxd4 Be6 16. Qc5 Bxd4 17. Rxd4 Qc7 18. Rfd1 h6 19. Ne4 Rfd8 20. h3 b6 21. Qc3 Rxd4 22. Qxd4 Qf4 23. Nc3 Qxd4 24. Rxd4 1/2-1/2

[Event "Regionalliga SW 0102"]
[Site "Bayern"]
[Date "2002.04.28"]
[Round "9.2"]
[White "Lindenmaier, Reinhard"]
[Black "Petursson, Palmi Ragnar"]
[Result "1/2-1/2"]
[WhiteElo "2010"]
[BlackElo "2140"]
[PlyCount "95"]
[EventDate "2001.10.07"]
[EventType "team"]
[EventRounds "9"]
[EventCountry "GER"]
[SourceTitle "EXT 2003"]
[Source "ChessBase"]
[SourceDate "2002.11.25"]
[SourceVersion "1"]
[SourceVersionDate "2002.11.25"]
[SourceQuality "1"]
[WhiteTeam "Burlafingen"]
[BlackTeam "Muenchen Suedost"]
[WhiteTeamCountry "GER"]
[BlackTeamCountry "GER"]

1. c4 Nf6 2. Nc3 g6 3. g3 Bg7 4. Bg2 0-0 5. e4 d6 6. Nge2 c5 7. 0-0 Nc6 8. h3 a6 9. d3 Rb8 10. Be3 b5 11. Qd2 bxc4 12. dxc4 Ne5 13. b3 Bxh3 14. f3 Bd7 15. Bh6 a5 16. Bxg7 Kxg7 17. f4 Neg4 18. Nd5 Nxd5 19. cxd5 a4 20. bxa4 Bxa4 21. Bf3 h5 22. Bxg4 hxg4 23. f5 Bd7 24. Qg5 Rh8 25. Rab1 Rxb1 26. Rxb1 Rh5 27. Qxg4 Qa5 28. Nf4 Rh6 29. f6+ exf6 30. Qxd7 g5 31. Ne6+ Kg6 32. Nd8 Rh7 33. Rf1 Qc3 34. Qf5+ Kg7 35. Qf3 Qd4+ 36. Kg2 Qb2+ 37. Qf2 Qe5 38. Re1 g4 39. a4 Qh5 40. Qf4 Qh2+ 41. Kf1 Qh1+ 42. Ke2 Rh2+ 43. Kd1 Qg2 44. Qxg4+ Kf8 45. Re2 Qf1+ 46. Kd2 Rh1 47. Ke3 Qc1+ 48. Kf2 1/2-1/2

[Event "Regionalliga SW 0001"]
[Site "Bayern"]
[Date "2001.03.11"]
[Round "7"]
[White "Schlinkmeier, Karsten"]
[Black "Lindenmaier, Reinhard"]
[Result "1-0"]
[WhiteElo "1904"]
[BlackElo "2045"]
[PlyCount "91"]
[EventDate "2000.10.15"]
[EventType "team-tourn"]
[EventRounds "9"]
[EventCountry "GER"]
[SourceTitle "EXT 2020"]
[Source "ChessBase"]
[SourceDate "2019.10.17"]
[SourceVersion "1"]
[SourceVersionDate "2019.10.17"]
[SourceQuality "1"]
[WhiteTeam "Garching"]
[BlackTeam "Burlafingen"]
[WhiteTeamCountry "GER"]
[BlackTeamCountry "GER"]

1. Nf3 f5 2. e4 fxe4 3. Ng5 d5 4. d3 Qd6 5. Nc3 c6 6. dxe4 h6 7. Nf3 dxe4 8. Nxe4 Qxd1+ 9. Kxd1 Nf6 10. Bd3 Bg4 11. Re1 Nxe4 12. Bxe4 Bh5 13. Bf5 Nd7 14. g4 Bf7 15. Bf4 g6 16. Bxd7+ Kxd7 17. Ne5+ Ke8 18. Nxf7 Kxf7 19. Be5 Rg8 20. Ke2 Rd8 21. Rad1 Bg7 22. Bxg7 Kxg7 23. f4 Rd6 24. Rxd6 exd6 25. Kf3 Kf6 26. h4 Rh8 27. Re3 d5 28. Ra3 a6 29. Re3 Rd8 30. Re5 c5 31. h5 Rd6 32. hxg6 Kxg6 33. Re7 b5 34. Rc7 c4 35. f5+ Kf6 36. Rh7 Kg5 37. Rg7+ Kf6 38. Rg6+ Ke5 39. Rxd6 Kxd6 40. Kf4 a5 41. a3 b4 42. c3 b3 43. Ke3 Ke5 44. a4 d4+ 45. cxd4+ Kd5 46. Kd2 1-0

[Event "Regionalliga SW 0001"]
[Site "Bayern"]
[Date "2001.02.18"]
[Round "6.1"]
[White "Lindenmaier, Reinhard"]
[Black "Oberhofer, Max"]
[Result "0-1"]
[WhiteElo "2045"]
[BlackElo "2115"]
[PlyCount "98"]
[EventDate "2000.10.15"]
[EventType "team-tourn"]
[EventRounds "9"]
[EventCountry "GER"]
[SourceTitle "EXT 2020"]
[Source "ChessBase"]
[SourceDate "2019.10.17"]
[SourceVersion "1"]
[SourceVersionDate "2019.10.17"]
[SourceQuality "1"]
[WhiteTeam "Burlafingen"]
[BlackTeam "Sonthofen"]
[WhiteTeamCountry "GER"]
[BlackTeamCountry "GER"]

1. d4 Nf6 2. Bg5 d5 3. Bxf6 gxf6 4. e3 Bf5 5. Bd3 Bg6 6. h4 Nc6 7. h5 Bxd3 8. Qxd3 Qd7 9. Nc3 0-0-0 10. 0-0-0 e6 11. Nge2 Bh6 12. Kb1 f5 13. g3 Rhg8 14. Na4 Ne5 15. dxe5 Qxa4 16. Qd4 Qa5 17. Rd3 c5 18. Rc3 Bf8 19. Qd2 Kb8 20. Rd3 Qc7 21. f4 c4 22. Rd4 Bc5 23. c3 Bxd4 24. exd4 b5 25. Kc2 Ka8 26. Ra1 Rb8 27. Kd1 Rb7 28. a3 a5 29. Ke1 Kb8 30. Kf2 Qb6 31. Qe3 Kc7 32. Rg1 Kc6 33. Qf3 Qd8 34. Ke3 Rg4 35. Kf2 Qe7 36. Ra1 Rg8 37. Rg1 b4 38. axb4 axb4 39. b3 cxb3 40. c4 Rd8 41. Rc1 Kb6 42. c5+ Kc6 43. Qxb3 Ra8 44. Rb1 Ra3 45. Qb2 Qd8 46. Nc1 Qa8 47. Qd2 Qa4 48. g4 fxg4 49. f5 Rf3+ 0-1